Music Quiz

Random Music or Song Quiz

REO Speedwagon Top 40 Hits Quiz Stats

 Plays Quiz not verified by Sporcle

Score 0/13 Timer 03:00
0 Plays Today
Year Released Song % Correct
1980Keep on Loving You
86.9%
1984Can't Fight This Feeling
76.9%
1981Take It on the Run
69.4%
1981Don't Let Him Go
51.8%
1981In Your Letter
39.3%
1987In My Dreams
34%
1982Keep the Fire Burnin'
33.1%
1987That Ain't Love
31.2%
1984One Lonely Night
28.7%
1988Here with Me
26.5%
1984I Do' Wanna Know
25.9%
1982Sweet Time
15.9%
1985Live Every Moment
15.3%

You're not logged in!

Compare scores with friends on all Sporcle quizzes.
OR
Log In

Show Comments

Extras

Top Quizzes Today


Score Distribution

Your Account Isn't Verified!

In order to create a playlist on Sporcle, you need to verify the email address you used during registration. Go to your Sporcle Settings to finish the process.

Report this User

Report this user for behavior that violates our Community Guidelines.

Details: